Rafael

I tiakina i:
Ngā taipitopito rārangi puna kōrero
Kaituhi matua: Ciardi Dupré, Maria Grazia (Author)
Hōputu: Pukapuka
Reo:Pāniora
I whakaputaina: Buenos Aires Codex 1964
Rangatū:Pinacoteca de los Genios, 10
Ngā marau:
Ngā Tūtohu: Tāpirihia he Tūtohu
Kāore He Tūtohu, Me noho koe te mea tuatahi ki te tūtohu i tēnei pūkete!

MARC

LEADER 00000nam a2200000 a 4500
001 UCM1826
003 CL-VaPUC
008 020412e19640000AG |||||||||||||||||spa|d
082 0 4 |a 759.03  |b CIA  |2 21 
100 |a Ciardi Dupré, Maria Grazia  |e author  |9 573373 
245 1 0 |a Rafael 
300 |a v 
942 |c BK 
945 |d 20020412 00:00:00  |a cmena 
260 |a Buenos Aires  |b Codex  |c 1964 
500 |a Incluye: El juicio del siglo XX 
600 0 7 |a RAFAEL  |2 CL-VaPUC  |9 345575 
600 0 7 |a SANZIO, RAFAELLO  |2 CL-VaPUC  |9 468743 
650 0 |a Pintura renacentista  |9 266314 
650 0 |a Obras ilustradas  |9 265022 
651 0 |a Italia  |9 254949 
583 |a last modification  |c 20020412 00:00:00  |k Rodrigo Vera 
490 0 |a Pinacoteca de los Genios, 10 
999 |c 300056  |d 300054 
952 |0 0  |1 0  |2 ddc  |4 0  |6 759_030000000000000_CIA_1964  |7 0  |8 A  |9 357339  |a BIBART  |b BIBART  |d 2019-11-21  |h v.1  |i 3807355  |o 759.03 CIA 1964  |p 3807355  |r 2025-03-13  |w 2019-11-21  |y BK  |k ART 
952 |0 0  |1 0  |2 ddc  |4 0  |6 759_030000000000000_CIA_1964  |7 0  |8 A  |9 357340  |a BIBART  |b BIBART  |d 2019-11-21  |h v.2  |i 3807371  |o 759.03 CIA 1964  |p 3807371  |r 2025-03-13  |w 2019-11-21  |y BK  |k ART